| 000 | 00482nam a2200181Ia 4500 | ||
|---|---|---|---|
| 008 | 240925s9999 xx 000 0 und d | ||
| 020 | _a9788122436716 | ||
| 082 | _a620.0015 BHA | ||
| 100 | _aBhavikatti, S. S. | ||
| 245 | 0 | _aFinite Elements Analysis | |
| 250 | _a3rd | ||
| 260 |
_aNew Delhi: _bNew Age International Publishers _c,2015. |
||
| 300 |
_a498p. _b0 _fOriginal |
||
| 500 | _aIncludes Index | ||
| 600 | _aElectronic Engineering | ||
| 650 | _aTechnology | ||
| 942 | _cBK | ||
| 999 |
_c16454 _d16454 |
||